Statistics for Friday Night Funkin' Character Quiz

Click here to take the quiz!

General Stats

  • This quiz has been taken 191 times
    (102 since last reset)
  • The average score is 10 of 11

Answer Stats

Debut WeekCharacter NameBrief Description% Correct
GirlfriendThe love of the player character, she sits on the speakers of each rap battle to cheer him on.
99%
TutorialBoyfriendThe player character of little words, except for beeps. He may be shorter than most but he will sing for love.
96%
Week 1Daddy DearestThe father who does not like the player character, going so far as to hire an assassin to kill him.
95%
Week 3PicoA hired hit-man, who is sent to kill the player character. He is also the player character's ex-boyfriend? What a twist!
95%
PumpA pumpkin that is best friends with the one above. He challenges the player character alongside his friend to a rap battle.
93%
Week 6SenpaiA simple charming high school student who wants to win over the player character's love. He easily becomes angry after being bested.
93%
Week 2SkidA skeleton that is best friends with the one below. He challenges the player character alongside his friend to a rap battle.
93%
Week 7TankmanThis soldier is at war with the player character after his plane crashes into the battlefield.
93%
Week 4Mommy MearestThe mother who also does not like the player character.
91%
MonsterA weird demon with a lemon-shaped head who wants to eat the player character and his love.
84%
SpiritA human who was trapped it in the game by the father. He now seeks revenge, and is willing to trap the player character to make it out.
77%

Score Distribution

Percentile by Number Answered

Percent of People with Each Score

Your Score History

You have not taken this quiz since the last reset